[Event "zonal 3.2a (w)"]
[Site "Manila PHI"]
[Date "2001.04.24"]
[Round "1"]
[White "Anhchimeg, Bayanmonh"]
[Black "Mariano, Christine Rose"]
[Result "1-0"]
[WhiteElo "2174"]
[BlackElo "2093"]
[EventDate "2001.04.24"]
[PlyCount "49"]

1.e4 d5 2.exd5 Qxd5 3.Nc3 Qa5 4.d4 Nc6 5.Nf3 Nf6 6.Be2 Bf5 7.Bd2 O-O-O 8.
Nb5 Qb6 9.a4 a5 10.O-O e6 11.c4 Ne4 12.c5 Bxc5 13.dxc5 Qxc5 14.Rc1 Qd5 15.
Bf4 Qa2 16.Qe1 Qxa4 17.Bxc7 Rd5 18.Bxa5 Rxb5 19.Bxb5 Qxb5 20.Nd4 Qa6 21.b4
Nd6 22.Qe5 Kd7 23.Nxc6 bxc6 24.Rfd1 Bd3 25.Qg3 1-0

[Event "zonal 3.2a (w)"]
[Site "Manila PHI"]
[Date "2001.04.24"]
[Round "1"]
[White "Le Kieu Thien Kim"]
[Black "Foudzi, Siti Zulaikha"]
[Result "1/2-1/2"]
[WhiteElo "2307"]
[BlackElo "2050"]
[EventDate "2001.04.24"]
[PlyCount "121"]

1.d4 Nf6 2.Nf3 g6 3.Bf4 Bg7 4.e3 d6 5.h3 a6 6.Nbd2 O-O 7.Be2 Nbd7 8.O-O b6
9.c4 Bb7 10.Qc2 c5 11.Rac1 Rc8 12.d5 Re8 13.Bh2 Nf8 14.Rcd1 Rb8 15.e4 Bc8 
16.e5 Bf5 17.Bd3 Bxd3 18.Qxd3 dxe5 19.Nxe5 Rb7 20.Ndf3 N6d7 21.Nc6 Qc8 22.
Rfe1 e6 23.Re2 b5 24.b3 h6 25.Rde1 b4 26.Bd6 Kh7 27.Ne7 Qd8 28.dxe6 Nxe6 
29.Nxg6 fxg6 30.Rxe6 Rxe6 31.Rxe6 Nf8 32.Re1 Rd7 33.Rd1 Bd4 34.Nxd4 Rxd6 
35.Qf3 Rxd4 36.Re1 Rd7 37.h4 Kg7 38.g3 Rf7 39.Qe2 Qf6 40.f4 Rd7 41.Kg2 g5 
42.fxg5 hxg5 43.Rf1 Qc6+ 44.Kg1 Qd6 45.Qf3 gxh4 46.gxh4 Qg6+ 47.Qg2 Qxg2+ 
48.Kxg2 Rd2+ 49.Kf3 Rxa2 50.Ke4 Rd2 51.Ra1 Rd4+ 52.Ke3 Rxh4 53.Rxa6 Rh3+ 
54.Ke4 Rxb3 55.Rc6 Rc3 56.Rxc5 b3 57.Rb5 Rxc4+ 58.Kd3 Rh4 59.Rxb3 Rh3+ 60.
Kc4 Rxb3 61.Kxb3 1/2-1/2

[Event "zonal 3.2a (w)"]
[Site "Manila PHI"]
[Date "2001.04.24"]
[Round "1"]
[White "Lomibao, Sherrie Joy"]
[Black "Nguyen Thi Thanh An"]
[Result "1/2-1/2"]
[WhiteElo "2041"]
[BlackElo "2263"]
[EventDate "2001.04.24"]
[PlyCount "113"]

1.e4 c5 2.Nc3 Nc6 3.g3 g6 4.Bg2 Bg7 5.d3 e6 6.Be3 Nd4 7.Qd2 Ne7 8.Nd1 b6 
9.c3 Ndc6 10.Nf3 Ba6 11.O-O d6 12.Re1 Ne5 13.Nxe5 dxe5 14.Bf1 h5 15.b3 Qd7
16.Nb2 Rd8 17.a4 Bb7 18.Bg2 Nc6 19.Rad1 h4 20.h3 f6 21.Nc4 Bf8 22.Qe2 Qf7 
23.g4 Be7 24.Rf1 g5 25.Qb2 O-O 26.Bc1 Rd7 27.Qc2 Rc8 28.Rfe1 Qe8 29.Bb2 
Qd8 30.Bf1 a6 31.Ne3 Kf7 32.Rd2 b5 33.axb5 axb5 34.Red1 b4 35.c4 Ra8 36.
Ra1 Rxa1 37.Bxa1 Bc8 38.Qb1 Ra7 39.Ra2 Rxa2 40.Qxa2 Qa5 41.Qb1 Nd4 42.Bxd4
exd4 43.Nc2 Bd6 44.Qa1 Qb6 45.Bg2 Bc7 46.Ne1 Bb7 47.Nf3 Bf4 48.Qa2 Bc6 49.
Qa1 Kg6 50.Qa2 Bb8 51.Qa1 Kf7 52.Qa2 Ke8 53.Nd2 Kd7 54.Nf1 Bf4 55.f3 Kc8 
56.Kf2 Kb7 57.Qa1 1/2-1/2

[Event "zonal 3.2a (w)"]
[Site "Manila PHI"]
[Date "2001.04.24"]
[Round "1"]
[White "Tungalag, Nyamaa"]
[Black "Hoang Thanh Trang"]
[Result "0-1"]
[WhiteElo "2131"]
[BlackElo "2465"]
[EventDate "2001.04.24"]
[PlyCount "84"]

1.e4 e6 2.d4 d5 3.Nd2 Nf6 4.e5 Nfd7 5.Bd3 c5 6.c3 Nc6 7.Ne2 cxd4 8.cxd4 f6
9.exf6 Qxf6 10.Nf3 h6 11.Bd2 Bd6 12.O-O O-O 13.Bc3 Rd8 14.Bc2 Nf8 15.Ng3 
Bd7 16.Re1 Rac8 17.Nh5 Qf7 18.Ne5 Nxe5 19.dxe5 Bc5 20.Qe2 Bb5 21.Qf3 Qxf3 
22.gxf3 Bxf2+ 23.Kxf2 d4 24.Rg1 g5 25.Rad1 dxc3 26.bxc3 Rxd1 27.Bxd1 Ng6 
28.Nf6+ Kg7 29.Ne4 Bd3 30.Nd6 Rxc3 31.Nxb7 Bc4 32.Re1 Bxa2 33.Nd6 Rc1 34.
Nb5 a6 35.Nd4 Nxe5 36.Rxe5 Rxd1 37.Nc6 Kf6 38.Ra5 Bc4 39.Ne5 Rd2+ 40.Kg3 
Bb5 41.Ng4+ Kg6 42.Ra1 h5 0-1

[Event "zonal 3.2a (w)"]
[Site "Manila PHI"]
[Date "2001.04.24"]
[Round "1"]
[White "Vo Hong Phuong"]
[Black "Soyolmaa, Dashdondog"]
[Result "1-0"]
[WhiteElo "2258"]
[BlackElo "2031"]
[EventDate "2001.04.24"]
[PlyCount "80"]

1.e4 e5 2.Nf3 Nc6 3.Nc3 Nf6 4.Bb5 a6 5.Bxc6 dxc6 6.Nxe5 Bb4 7.O-O O-O 8.d3
Qe7 9.Nc4 h6 10.h3 Be6 11.Ne3 Rad8 12.Qe2 Nh7 13.f4 f5 14.exf5 Bxf5 15.
Nxf5 Rxf5 16.Qxe7 Bxe7 17.Bd2 Rf7 18.g3 Nf6 19.Rae1 Bc5+ 20.Kg2 Kf8 21.Re2
Re7 22.Rfe1 Rxe2+ 23.Rxe2 Bd4 24.Nd1 Re8 25.Rxe8+ Kxe8 26.Be3 c5 27.c3 
Bxe3 28.Nxe3 Kf7 29.Kf3 h5 30.g4 hxg4+ 31.hxg4 g6 32.g5 Ne8 33.Nc4 Nd6 34.
Nxd6+ cxd6 35.Ke4 Ke6 36.c4 b5 37.a3 b4 38.a4 b3 39.a5 Ke7 40.f5 Kf7 1-0

[Event "zonal 3.2a (w)"]
[Site "Manila PHI"]
[Date "2001.04.25"]
[Round "2"]
[White "Batceceg, Tuvshintogs"]
[Black "Le Kieu Thien Kim"]
[Result "1-0"]
[WhiteElo "2224"]
[BlackElo "2307"]
[EventDate "2001.04.24"]
[PlyCount "93"]

1.Nf3 Nf6 2.d4 e6 3.c4 d5 4.Nc3 Be7 5.Bg5 O-O 6.e3 c6 7.Qc2 Nbd7 8.Rd1 h6 
9.Bh4 Re8 10.Bd3 dxc4 11.Bxc4 b5 12.Be2 Bb7 13.O-O a6 14.a3 Qb6 15.b4 a5 
16.Rb1 axb4 17.axb4 Ra3 18.e4 Bf8 19.Rfd1 Nh5 20.Qc1 Rea8 21.e5 Nf4 22.
Qxf4 Rxc3 23.Nd2 g5 24.Qg4 Bg7 25.Ne4 Rca3 26.Bg3 c5 27.Nxc5 Nxc5 28.dxc5 
Qc6 29.Bf3 Rxf3 30.Qxf3 Qxf3 31.gxf3 Bxf3 32.Ra1 Rf8 33.Rd6 h5 34.h3 h4 
35.Bh2 Kh7 36.Ra3 g4 37.hxg4 Bxg4 38.f3 Bh3 39.Rd4 Rg8 40.Rxh4+ Bh6+ 41.
Bg3 Bf5 42.Kf2 Kg6 43.Rd4 Bc1 44.Ra5 Rh8 45.Rxb5 Rh1 46.Kg2 Rh8 47.Rb6 1-0

[Event "zonal 3.2a (w)"]
[Site "Manila PHI"]
[Date "2001.04.25"]
[Round "2"]
[White "Foudzi, Siti Zulaikha"]
[Black "Lomibao, Sherrie Joy"]
[Result "1/2-1/2"]
[WhiteElo "2050"]
[BlackElo "2041"]
[EventDate "2001.04.24"]
[PlyCount "71"]

1.e4 e5 2.Nf3 Nc6 3.Bb5 a6 4.Ba4 Nf6 5.O-O d6 6.Re1 Be7 7.c3 O-O 8.h3 b5 
9.Bb3 Na5 10.Bc2 c5 11.d4 Qc7 12.Nbd2 Re8 13.Nf1 Bf8 14.Bg5 Nd7 15.a4 h6 
16.Bc1 Bb7 17.Ng3 g6 18.d5 Bg7 19.Qe2 c4 20.Be3 Nc5 21.Nd2 Bc8 22.axb5 
axb5 23.Ra3 Bd7 24.Rea1 Na4 25.R3a2 Rac8 26.f3 Nb7 27.Qf2 Qd8 28.Nb1 Nbc5 
29.Bxc5 Rxc5 30.Na3 Nb6 31.Bd1 Bf6 32.Nf1 Bg5 33.Nc2 Na4 34.Na3 Nb6 35.Nc2
Na4 36.Na3 1/2-1/2

[Event "zonal 3.2a (w)"]
[Site "Manila PHI"]
[Date "2001.04.25"]
[Round "2"]
[White "Hoang Thanh Trang"]
[Black "Anhchimeg, Bayanmonh"]
[Result "1-0"]
[WhiteElo "2465"]
[BlackElo "2174"]
[EventDate "2001.04.24"]
[PlyCount "71"]

1.d4 d5 2.c4 e6 3.Nc3 Be7 4.cxd5 exd5 5.Bf4 c6 6.e3 Nf6 7.Bd3 O-O 8.h3 Re8
9.Nf3 Nbd7 10.O-O Nf8 11.Rb1 Be6 12.Qc2 Rc8 13.b4 N6d7 14.Na4 b5 15.Nc5 
Nxc5 16.dxc5 a5 17.a3 Ra8 18.Rfd1 axb4 19.axb4 Ra4 20.Qc3 Ng6 21.Bg3 Bf6 
22.Nd4 Qd7 23.Ra1 Rea8 24.Bc2 R4a6 25.Rxa6 Rxa6 26.Bb3 Ne5 27.Qc1 Nc4 28.
e4 dxe4 29.Nxb5 Ra1 30.Qxa1 Bxa1 31.Rxd7 Bxd7 32.Na7 Na3 33.Ba4 Bc3 34.
Bxc6 Bxc6 35.Nxc6 Kf8 36.Na7 1-0

[Event "zonal 3.2a (w)"]
[Site "Manila PHI"]
[Date "2001.04.25"]
[Round "2"]
[White "Nguyen Thi Thanh An"]
[Black "Mendoza, Beverly"]
[Result "1-0"]
[WhiteElo "2263"]
[BlackElo "2162"]
[EventDate "2001.04.24"]
[PlyCount "142"]

1.d4 Nf6 2.c4 e6 3.Nc3 d5 4.cxd5 exd5 5.Bg5 Be7 6.e3 c6 7.Bd3 Nbd7 8.Qc2 
O-O 9.Nge2 Re8 10.O-O Ne4 11.Bf4 Nef6 12.Rae1 Nf8 13.f3 Nh5 14.Be5 Bg5 15.
Ng3 Nxg3 16.hxg3 f6 17.Bf4 Bxf4 18.gxf4 Be6 19.Kf2 Bf7 20.Rh1 Bg6 21.f5 
Bf7 22.Ne2 Qb6 23.a3 Re7 24.Nc3 Rae8 25.Na4 Qd8 26.b4 Qd6 27.Qc5 Qb8 28.
Qc2 Qd6 29.Nc5 b6 30.Nb3 Rc7 31.Qd2 Nd7 32.Rc1 c5 33.Bb5 c4 34.Na1 a6 35.
Bxd7 Qxd7 36.g4 Qd6 37.Qc3 Ra7 38.Nc2 a5 39.Rb1 Rea8 40.Kg2 Qc6 41.b5 Qd6 
42.a4 Re7 43.Qe1 Rae8 44.Qh4 h6 45.Rbe1 Qc7 46.Qg3 c3 47.Qxc7 Rxc7 48.Ra1 
Rec8 49.Kf2 Be8 50.Ra3 Rc4 51.Rb1 g6 52.e4 h5 53.gxh5 gxf5 54.Rg1+ Kh7 55.
Ne3 Rxd4 56.Nxf5 Rd2+ 57.Ke3 dxe4 58.fxe4 Rd7 59.Rc1 c2 60.Rd3 Rxd3+ 61.
Kxd3 Bxh5 62.Rxc2 Rxc2 63.Kxc2 Bf3 64.Nd6 Kg7 65.Kd2 Kf8 66.Nc4 Bxe4 67.
Nxb6 Ke7 68.Nc4 Bd5 69.Nxa5 Kd7 70.Kc3 Kc7 71.Nc4 f5 1-0

[Event "zonal 3.2a (w)"]
[Site "Manila PHI"]
[Date "2001.04.25"]
[Round "2"]
[White "Tran Thi Kim Loan"]
[Black "Vo Hong Phuong"]
[Result "1/2-1/2"]
[WhiteElo "2152"]
[BlackElo "2258"]
[EventDate "2001.04.24"]
[PlyCount "81"]

1.d4 Nf6 2.c4 g6 3.Nc3 Bg7 4.e4 d6 5.f3 O-O 6.Be3 Nc6 7.Nge2 e6 8.Qd2 Rb8 
9.h4 h5 10.Nc1 e5 11.d5 Nd4 12.Nb3 c5 13.dxc6 bxc6 14.Nxd4 exd4 15.Bxd4 d5
16.cxd5 Re8 17.O-O-O cxd5 18.e5 Nd7 19.f4 Nf8 20.Bd3 Bh6 21.g3 Bg4 22.Rde1
Ne6 23.Bg1 Qc8 24.Kb1 Qb7 25.Rh2 Ng7 26.Ka1 Bd7 27.Bb1 Be6 28.Ne2 Nf5 29.
Bd4 Bf8 30.Bc3 Bc5 31.Bxf5 Bxf5 32.Nd4 Bxd4 33.Qxd4 Re6 34.Rg1 Qb6 35.Rd2 
Qxd4 36.Rxd4 Be4 37.g4 hxg4 38.Rxg4 Kf8 39.Rg5 Ke7 40.Rd2 Rc6 41.a3 
1/2-1/2

[Event "zonal 3.2a (w)"]
[Site "Manila PHI"]
[Date "2001.04.25"]
[Round "3"]
[White "Anhchimeg, Bayanmonh"]
[Black "Tran Thi Kim Loan"]
[Result "0-1"]
[WhiteElo "2174"]
[BlackElo "2152"]
[EventDate "2001.04.24"]
[PlyCount "52"]

1.e4 c6 2.d4 d5 3.Nd2 dxe4 4.Nxe4 Nd7 5.Bc4 Ngf6 6.Ng5 e6 7.Qe2 Nb6 8.Bd3 
h6 9.N5f3 c5 10.dxc5 Nbd7 11.c6 bxc6 12.Bf4 Qa5+ 13.c3 Nd5 14.Bd2 Qb6 15.
Rb1 Bd6 16.Nd4 O-O 17.Ngf3 c5 18.Nb5 Bb8 19.O-O Bb7 20.Qe4 N5f6 21.Qh4 
Bxf3 22.gxf3 Ne5 23.Be4 Nxe4 24.Qxe4 Qxb5 25.Kg2 Qc6 26.Qe2 Ng6 0-1

[Event "zonal 3.2a (w)"]
[Site "Manila PHI"]
[Date "2001.04.25"]
[Round "3"]
[White "Batceceg, Tuvshintogs"]
[Black "Nguyen Thi Thanh An"]
[Result "1/2-1/2"]
[WhiteElo "2224"]
[BlackElo "2263"]
[EventDate "2001.04.24"]
[PlyCount "68"]

1.Nf3 Nf6 2.c4 g6 3.d4 Bg7 4.g3 O-O 5.Bg2 d6 6.O-O c6 7.Nc3 Qa5 8.e4 Bg4 
9.h3 Bxf3 10.Bxf3 Nbd7 11.a3 e5 12.d5 c5 13.Bd2 Qd8 14.b4 Ne8 15.Be2 f5 
16.Kh2 b6 17.b5 Nef6 18.f3 Nh5 19.Bd3 f4 20.g4 Ng3 21.Rg1 h5 22.Be1 hxg4 
23.fxg4 Bh6 24.Ne2 Nxe2 25.Bxe2 Bg5 26.Bf3 Kg7 27.Kg2 Rh8 28.Rh1 Bh4 29.
Bxh4 Qxh4 30.Qe1 Qxe1 31.Raxe1 g5 32.a4 a6 33.Rb1 Ra7 34.Bd1 a5 1/2-1/2

[Event "zonal 3.2a (w)"]
[Site "Manila PHI"]
[Date "2001.04.25"]
[Round "3"]
[White "Lomibao, Sherrie Joy"]
[Black "Mariano, Christine Rose"]
[Result "0-1"]
[WhiteElo "2041"]
[BlackElo "2093"]
[EventDate "2001.04.24"]
[PlyCount "66"]

1.e4 e5 2.Nf3 Nc6 3.Bc4 Nf6 4.d3 Bc5 5.c3 O-O 6.b4 Bb6 7.a4 a6 8.O-O d6 9.
Nbd2 Ne7 10.a5 Ba7 11.Bb2 Ng6 12.d4 Qe7 13.Re1 Bd7 14.Bf1 Rad8 15.g3 Rfe8 
16.Bg2 Bc6 17.d5 Bd7 18.c4 Ng4 19.Re2 f5 20.h3 Nf6 21.exf5 Bxf5 22.Nd4 Qd7
23.Nxf5 Qxf5 24.Qb1 Qg5 25.Kh2 Rf8 26.Nf3 Qh5 27.Kg1 e4 28.g4 Nxg4 29.hxg4
Qxg4 30.Qxe4 Nf4 31.Ng5 Nxe2+ 32.Kh2 Qxg5 33.Qxe2 Rxf2 0-1

[Event "zonal 3.2a (w)"]
[Site "Manila PHI"]
[Date "2001.04.25"]
[Round "3"]
[White "Mendoza, Beverly"]
[Black "Foudzi, Siti Zulaikha"]
[Result "1/2-1/2"]
[WhiteElo "2162"]
[BlackElo "2050"]
[EventDate "2001.04.24"]
[PlyCount "98"]

1.e4 d6 2.d4 Nf6 3.f3 g6 4.c4 Bg7 5.Nc3 O-O 6.Be3 e5 7.Nge2 Nc6 8.Qd2 Ne8 
9.d5 Na5 10.Nc1 b6 11.b4 Nb7 12.Be2 a5 13.Nd3 Kh8 14.O-O axb4 15.Nxb4 Na5 
16.Bh6 f5 17.Bxg7+ Nxg7 18.f4 Qe7 19.Rae1 fxe4 20.fxe5 dxe5 21.Rxf8+ Qxf8 
22.Nxe4 Bf5 23.Rf1 Qe7 24.d6 Qd7 25.dxc7 Qxc7 26.Nd5 Qa7 27.Nf2 Nc6 28.Nf6
Nd4 29.Bd3 Qf7 30.N2e4 Nge6 31.Nd5 Qa7 32.Rf2 Rc8 33.Qb4 Rc6 34.g4 Bxg4 
35.Ng5 Bf5 36.Nxe6 Nxe6 37.Ne7 Rc7 38.Nxf5 gxf5 39.Bxf5 Rg7+ 40.Kf1 Qe7 
41.Qe1 Qd6 42.Bxe6 Qxe6 43.Rf8+ Rg8 44.Rxg8+ Kxg8 45.Qe4 Kg7 46.Kf2 Qd6 
47.Qd5 Qf6+ 48.Qf3 Qd6 49.Qd5 Qf6+ 1/2-1/2

[Event "zonal 3.2a (w)"]
[Site "Manila PHI"]
[Date "2001.04.25"]
[Round "3"]
[White "Vo Hong Phuong"]
[Black "Hoang Thanh Trang"]
[Result "0-1"]
[WhiteElo "2258"]
[BlackElo "2465"]
[EventDate "2001.04.24"]
[PlyCount "88"]

1.e4 e6 2.d4 d5 3.exd5 exd5 4.Bd3 c5 5.dxc5 Bxc5 6.Ne2 Nf6 7.O-O h6 8.h3 
O-O 9.Nd2 Nc6 10.Nb3 Bd6 11.c3 Re8 12.Bf4 Ne4 13.Ned4 Qf6 14.Bh2 Ne5 15.
Be2 Ng6 16.Bg4 Be6 17.Qf3 Qg5 18.Rad1 Rad8 19.Bxe6 fxe6 20.Qg4 Qxg4 21.
hxg4 Nf6 22.Rfe1 e5 23.Nf3 Nxg4 24.Bg3 Kf7 25.Re2 Re6 26.Rdd2 e4 27.Nfd4 
Rf6 28.Rd1 Nf4 29.Bxf4 Rxf4 30.g3 Rf6 31.Kg2 Ne5 32.Red2 g5 33.Re2 Kg6 34.
Rf1 Rdf8 35.Na1 Bc5 36.a3 Bxd4 37.cxd4 Nf3 38.Rd1 Rc8 39.Nc2 Rfc6 40.Ne3 
Rc1 41.Rxc1 Rxc1 42.g4 h5 43.gxh5+ Kxh5 44.Nf1 Kh4 0-1

[Event "zonal 3.2a (w)"]
[Site "Manila PHI"]
[Date "2001.04.26"]
[Round "4"]
[White "Foudzi, Siti Zulaikha"]
[Black "Vo Hong Phuong"]
[Result "0-1"]
[WhiteElo "2050"]
[BlackElo "2258"]
[EventDate "2001.04.24"]
[PlyCount "102"]

1.e4 e5 2.Nf3 Nc6 3.Bb5 a6 4.Ba4 Nf6 5.O-O Be7 6.Re1 b5 7.Bb3 d6 8.c3 O-O 
9.h3 Na5 10.Bc2 c5 11.d4 Qc7 12.Nbd2 cxd4 13.cxd4 Nc6 14.Nb3 a5 15.Be3 a4 
16.Nbd2 Nb4 17.Bb1 Bd7 18.a3 Na6 19.Bd3 Rac8 20.Rc1 Qb8 21.Nb1 exd4 22.
Nxd4 Nc5 23.Nc3 b4 24.Nd5 Nxd5 25.exd5 Nxd3 26.Qxd3 Bf6 27.axb4 Qxb4 28.
Rb1 g6 29.Nc2 Qb7 30.g4 Bb5 31.Qd2 Bc4 32.Nd4 Bxd5 33.Ra1 Ra8 34.Reb1 Bg7 
35.Kh2 Rfc8 36.Rd1 Bc4 37.Kg3 Be5+ 38.f4 Bg7 39.h4 Bb3 40.Rh1 Rc4 41.Rh2 
Re8 42.Nxb3 axb3 43.Qd3 Rc2 44.Re2 Qe7 45.Rae1 Qe6 46.Kf3 h5 47.Rg1 hxg4+ 
48.Rxg4 d5 49.Rgg2 d4 50.Bc1 Qh3+ 51.Rg3 Qf1+ 0-1

[Event "zonal 3.2a (w)"]
[Site "Manila PHI"]
[Date "2001.04.26"]
[Round "4"]
[White "Hoang Thanh Trang"]
[Black "Tran Thi Kim Loan"]
[Result "1-0"]
[WhiteElo "2465"]
[BlackElo "2152"]
[EventDate "2001.04.24"]
[PlyCount "73"]

1.d4 d6 2.c4 e5 3.Nf3 exd4 4.Nxd4 g6 5.Nc3 Bg7 6.g3 Ne7 7.Bg2 Nbc6 8.Nxc6 
Nxc6 9.O-O O-O 10.Nd5 Be6 11.Rb1 Ne5 12.b3 c6 13.Nf4 Re8 14.Nxe6 fxe6 15.
e4 c5 16.f4 Nc6 17.f5 Ne5 18.fxe6 Rxe6 19.Qd5 Qe7 20.Bh3 Re8 21.Bxe6+ Qxe6
22.Bb2 Qxd5 23.exd5 Nd3 24.Bxg7 Kxg7 25.Rbd1 Ne5 26.h3 a6 27.a4 a5 28.Kg2 
Re7 29.Rde1 b6 30.Rf4 Rd7 31.Ref1 Nf7 32.Rf6 Re7 33.Re6 Rd7 34.Rfe1 Ne5 
35.R1xe5 dxe5 36.Rxe5 Rd6 37.Re7+ 1-0

[Event "zonal 3.2a (w)"]
[Site "Manila PHI"]
[Date "2001.04.26"]
[Round "4"]
[White "Lomibao, Sherrie Joy"]
[Black "Le Kieu Thien Kim"]
[Result "0-1"]
[WhiteElo "2041"]
[BlackElo "2307"]
[EventDate "2001.04.24"]
[PlyCount "94"]

1.e4 Nf6 2.Nc3 d5 3.exd5 Nxd5 4.Bc4 Nb6 5.Bb3 Nc6 6.Qf3 e6 7.Nge2 Be7 8.
O-O Bd7 9.d4 Na5 10.Bf4 g5 11.Be5 Rf8 12.Qh5 Nxb3 13.axb3 Bc6 14.Bg7 Rg8 
15.Qxh7 Kd7 16.Be5 Qe8 17.Qd3 Kc8 18.Bg3 f5 19.f4 g4 20.Qe3 Qd7 21.Rad1 a6
22.Rfe1 Nd5 23.Nxd5 Qxd5 24.Qf2 b6 25.c4 Qd7 26.Nc3 Bb4 27.Qe3 Qe8 28.Re2 
Kb7 29.Na2 Bf8 30.b4 Ka7 31.Qc3 Rd8 32.Nc1 Bh6 33.Nb3 Qd7 34.Red2 Qd6 35.
Nc1 Bxf4 36.Bxf4 Qxf4 37.Rf2 Qh6 38.Qd2 Qh5 39.Qf4 g3 40.Rfd2 Qxh2+ 41.Kf1
Qh1+ 42.Ke2 Qxg2+ 43.Kd3 Be4+ 44.Kc3 Qh3 45.Nd3 g2 46.b5 a5 47.Rg1 Rg3 0-1

[Event "zonal 3.2a (w)"]
[Site "Manila PHI"]
[Date "2001.04.26"]
[Round "4"]
[White "Mariano, Christine Rose"]
[Black "Batceceg, Tuvshintogs"]
[Result "1/2-1/2"]
[WhiteElo "2093"]
[BlackElo "2224"]
[EventDate "2001.04.24"]
[PlyCount "80"]

1.e4 c5 2.Ne2 Nc6 3.Nbc3 e6 4.g3 g6 5.d4 cxd4 6.Nxd4 a6 7.Nxc6 bxc6 8.Qd4 
f6 9.Bg2 Nh6 10.O-O Bg7 11.Be3 O-O 12.Rad1 Ng4 13.f4 Nxe3 14.Qxe3 Rb8 15.
Na4 Rf7 16.b3 Bf8 17.c4 c5 18.Rd3 Qc7 19.Nc3 Bb7 20.g4 Bh6 21.Qf2 Kh8 22.
Rh3 Bf8 23.f5 g5 24.Qc2 Qe5 25.Ne2 Re8 26.Ng3 exf5 27.Rxf5 Qd4+ 28.Rf2 
Qa1+ 29.Rf1 Qe5 30.Qf2 Qd4 31.Kh1 Qxf2 32.Rxf2 Bd6 33.Nf5 Be5 34.Bf3 a5 
35.Re2 a4 36.Bg2 Ra8 37.Re1 Bc6 38.Rd3 axb3 39.axb3 Rb8 40.Ne3 Rff8 
1/2-1/2

[Event "zonal 3.2a (w)"]
[Site "Manila PHI"]
[Date "2001.04.26"]
[Round "4"]
[White "Soyolmaa, Dashdondog"]
[Black "Mendoza, Beverly"]
[Result "0-1"]
[WhiteElo "2031"]
[BlackElo "2162"]
[EventDate "2001.04.24"]
[PlyCount "62"]

1.e4 e5 2.Nf3 Nc6 3.Bc4 Bc5 4.O-O d6 5.h3 Nf6 6.d3 Na5 7.Bb3 Nxb3 8.axb3 
c6 9.Nc3 O-O 10.Ne2 Re8 11.Ng3 a6 12.c3 Ba7 13.Be3 Bxe3 14.fxe3 Qb6 15.Re1
d5 16.Nd2 dxe4 17.Ngxe4 Nxe4 18.Nxe4 Be6 19.b4 Rad8 20.Nc5 Qc7 21.Qe2 Qc8 
22.Rf1 f6 23.Qf3 b6 24.Nxe6 Rxe6 25.d4 exd4 26.exd4 Rde8 27.Qg4 Qb7 28.Rf2
Re1+ 29.Rxe1 Rxe1+ 30.Kh2 Qc7+ 31.Qg3 Rh1+ 0-1

[Event "zonal 3.2a (w)"]
[Site "Manila PHI"]
[Date "2001.04.27"]
[Round "5"]
[White "Anhchimeg, Bayanmonh"]
[Black "Soyolmaa, Dashdondog"]
[Result "1-0"]
[WhiteElo "2174"]
[BlackElo "2031"]
[EventDate "2001.04.24"]
[PlyCount "65"]

1.e4 e5 2.Nf3 Nc6 3.Bb5 a6 4.Ba4 Nf6 5.O-O d6 6.Re1 b5 7.Bb3 Na5 8.h3 Nxb3
9.axb3 Be7 10.d4 exd4 11.Nxd4 Bb7 12.Qd3 O-O 13.Nf5 Bc6 14.Nxe7+ Qxe7 15.
Nc3 Bb7 16.Bg5 h6 17.Nd5 Bxd5 18.exd5 Qd8 19.Bh4 g5 20.Bg3 Nh5 21.Bh2 Qf6 
22.Re4 Rfe8 23.c3 Re7 24.Qe2 Rae8 25.Rxe7 Rxe7 26.Qxh5 Qf5 27.Qxh6 Qxd5 
28.h4 gxh4 29.Bf4 Re6 30.Qg5+ Qxg5 31.Bxg5 h3 32.Be3 hxg2 33.Kxg2 1-0

[Event "zonal 3.2a (w)"]
[Site "Manila PHI"]
[Date "2001.04.27"]
[Round "5"]
[White "Le Kieu Thien Kim"]
[Black "Mendoza, Beverly"]
[Result "1-0"]
[WhiteElo "2307"]
[BlackElo "2162"]
[EventDate "2001.04.24"]
[PlyCount "69"]

1.e4 e5 2.Nf3 Nc6 3.Nc3 Nf6 4.d4 exd4 5.Nd5 Be7 6.Bf4 d6 7.Nxd4 Nxe4 8.Nb5
O-O 9.Nbxc7 Rb8 10.Bd3 Nc5 11.O-O Ne5 12.Nxe7+ Qxe7 13.Nd5 Qd8 14.Be2 Bf5 
15.Ne3 Bg6 16.Qd5 Qe7 17.Rfe1 Rfd8 18.f3 Qf6 19.Bg3 Ne6 20.Rad1 Rbc8 21.c3
Rb8 22.Qd2 Nc5 23.Nd5 Qe6 24.Bh4 f6 25.Nf4 Qf7 26.Bf2 b6 27.b4 Nb7 28.Bb5 
Rbc8 29.Nd5 a6 30.Bxa6 Ra8 31.Bb5 Qf8 32.f4 Ng4 33.Bxb6 Rdb8 34.Bc7 Re8 
35.Bc4 1-0

[Event "zonal 3.2a (w)"]
[Site "Manila PHI"]
[Date "2001.04.27"]
[Round "5"]
[White "Nguyen Thi Thanh An"]
[Black "Hoang Thanh Trang"]
[Result "1-0"]
[WhiteElo "2263"]
[BlackElo "2465"]
[EventDate "2001.04.24"]
[PlyCount "119"]

1.e4 e6 2.d4 d5 3.Nd2 Nf6 4.e5 Nfd7 5.c3 c5 6.Bd3 Nc6 7.Ne2 cxd4 8.cxd4 f6
9.exf6 Qxf6 10.O-O Bd6 11.Nf3 h6 12.Qc2 O-O 13.Be3 Rd8 14.Qd2 Nf8 15.Bf4 
Bxf4 16.Nxf4 Bd7 17.Rfe1 Rac8 18.Bc2 Ne7 19.Bb3 Be8 20.Rac1 Nf5 21.Rxc8 
Rxc8 22.Qb4 b6 23.h3 Nh4 24.Nxh4 Qxf4 25.Nf3 Bg6 26.Qd2 Qxd2 27.Nxd2 Kf7 
28.g4 Nd7 29.f3 b5 30.a4 bxa4 31.Bxa4 Nb6 32.Bb3 Kf6 33.Ra1 Rc7 34.Kf2 e5 
35.Ke3 exd4+ 36.Kxd4 Kg5 37.Re1 Kf4 38.h4 Nc4 39.Nxc4 dxc4 40.Bxc4 Kxf3 
41.g5 h5 42.Re6 Bf5 43.Re5 Kf4 44.Re1 Kg3 45.Rh1 Bg4 46.b3 Bf3 47.Rf1 Bb7 
48.g6 Bf3 49.Ke5 Re7+ 50.Kd6 Re3 51.Ra1 Kxh4 52.Rxa7 Kg5 53.Rxg7 Kf6 54.
Rg8 Be4 55.Re8 Kxg6 56.Rxe4 Rc3 57.b4 Kg5 58.b5 Kf5 59.Rd4 Rc1 60.b6 1-0

[Event "zonal 3.2a (w)"]
[Site "Manila PHI"]
[Date "2001.04.27"]
[Round "5"]
[White "Tran Thi Kim Loan"]
[Black "Batceceg, Tuvshintogs"]
[Result "1-0"]
[WhiteElo "2152"]
[BlackElo "2224"]
[EventDate "2001.04.24"]
[PlyCount "107"]

1.d4 Nf6 2.c4 c5 3.d5 b5 4.cxb5 a6 5.bxa6 g6 6.Nc3 Bxa6 7.e4 Bxf1 8.Kxf1 
d6 9.g3 Bg7 10.Kg2 Nbd7 11.Nf3 O-O 12.h3 Nb6 13.Re1 Qd7 14.Qe2 Na4 15.Nd1 
Qb7 16.Rb1 Rfb8 17.Bd2 Qa6 18.Qxa6 Rxa6 19.b3 Ne8 20.Rc1 Nb6 21.Rc2 Nd7 
22.Bc3 Ndf6 23.Ree2 Ra7 24.Nd2 Nc7 25.f4 Nb5 26.Nf3 Na3 27.Rc1 Rba8 28.
Bxf6 Bxf6 29.e5 Bg7 30.Nc3 Rb7 31.Nd2 h6 32.Nc4 Nxc4 33.bxc4 Rb4 34.Nb5 
Bf8 35.a3 Rb3 36.h4 Kg7 37.Rcc2 g5 38.hxg5 hxg5 39.fxg5 Kg6 40.exd6 exd6 
41.Rf2 Bg7 42.Nxd6 Raxa3 43.Ne4 Bd4 44.Rfe2 Rb4 45.Ra2 Rxa2 46.Rxa2 Kf5 
47.Nd6+ Kxg5 48.Nxf7+ Kg6 49.Nd6 Rb1 50.Re2 Kg5 51.Ne4+ Kg6 52.d6 Bf6 53.
Nxf6 Kxf6 54.Rd2 1-0

[Event "zonal 3.2a (w)"]
[Site "Manila PHI"]
[Date "2001.04.27"]
[Round "5"]
[White "Tungalag, Nyamaa"]
[Black "Lomibao, Sherrie Joy"]
[Result "1/2-1/2"]
[WhiteElo "2131"]
[BlackElo "2041"]
[EventDate "2001.04.24"]
[PlyCount "91"]

1.e4 c5 2.Nf3 d6 3.d4 cxd4 4.Nxd4 Nf6 5.Nc3 g6 6.Be2 Bg7 7.O-O O-O 8.Kh1 
Nc6 9.Be3 Bd7 10.Rb1 Nxd4 11.Bxd4 Bc6 12.Bf3 e6 13.Qe2 Re8 14.Rfd1 Qe7 15.
e5 Bxf3 16.Qxf3 dxe5 17.Bxe5 Rad8 18.h3 Nh5 19.Bxg7 Nxg7 20.Rxd8 Rxd8 21.
Rd1 Rxd1+ 22.Qxd1 Nf5 23.Ne4 e5 24.c3 Ng7 25.Qd5 h6 26.Kg1 Nh5 27.g3 Kg7 
28.Qd6 Qe8 29.Qc7 Qb5 30.b3 Qd5 31.Nd6 Qd1+ 32.Kh2 Qf3 33.Qc5 Nf6 34.Kg1 
Qd1+ 35.Kg2 e4 36.Qe5 Qf3+ 37.Kg1 Kf8 38.Qd4 e3 39.fxe3 Qxg3+ 40.Kf1 Qxh3+
41.Ke2 Qg2+ 42.Kd3 Qf1+ 43.Kc2 Qg2+ 44.Kb1 Qf1+ 45.Kc2 Qe2+ 46.Kb1 1/2-1/2

[Event "zonal 3.2a (w)"]
[Site "Manila PHI"]
[Date "2001.04.27"]
[Round "5"]
[White "Vo Hong Phuong"]
[Black "Mariano, Christine Rose"]
[Result "1-0"]
[WhiteElo "2258"]
[BlackElo "2093"]
[EventDate "2001.04.24"]
[PlyCount "79"]

1.e4 e6 2.d4 b6 3.Nf3 Bb7 4.Bd3 d6 5.O-O Nd7 6.Re1 Ne7 7.a4 Ng6 8.Na3 Be7 
9.a5 a6 10.axb6 cxb6 11.Nc4 e5 12.c3 O-O 13.g3 Qc7 14.Qe2 Rac8 15.Ne3 b5 
16.Bd2 Nf6 17.d5 Qd7 18.c4 bxc4 19.Nxc4 Qg4 20.Ng5 Qxe2 21.Rxe2 h6 22.Nh3 
Nxe4 23.Rxe4 Bxd5 24.Nb6 Bxe4 25.Bxe4 Rcd8 26.Bd5 Kh8 27.f3 f5 28.Nf2 Bf6 
29.Rxa6 Ne7 30.Be6 d5 31.Nd7 e4 32.Nxf8 Rxf8 33.Bb4 e3 34.Nd3 d4 35.Bxf5 
Rb8 36.Be4 Re8 37.Kf1 Ng8 38.Ra8 Rd8 39.Bc5 g5 40.Rxd8 1-0

[Event "zonal 3.2a (w)"]
[Site "Manila PHI"]
[Date "2001.04.27"]
[Round "6"]
[White "Anhchimeg, Bayanmonh"]
[Black "Vo Hong Phuong"]
[Result "0-1"]
[WhiteElo "2174"]
[BlackElo "2258"]
[EventDate "2001.04.24"]
[PlyCount "104"]

1.e4 e5 2.Nf3 Nc6 3.Bb5 a6 4.Ba4 Nf6 5.O-O Be7 6.Re1 b5 7.Bb3 d6 8.c3 O-O 
9.h3 Na5 10.Bc2 c5 11.d4 Qc7 12.Nbd2 Re8 13.Nf1 Bd7 14.b3 cxd4 15.cxd4 
Rac8 16.Ne3 Bf8 17.Bb2 Nc6 18.Rc1 Qb7 19.d5 Nb4 20.Bb1 a5 21.Nh2 Na6 22.
Nhg4 Nxg4 23.hxg4 f6 24.g3 Rxc1 25.Bxc1 Nc5 26.Kg2 b4 27.Rh1 Bb5 28.Nf5 h6
29.Qf3 Ra8 30.Qe3 Ra7 31.f4 Bd7 32.Qf3 Bxf5 33.gxf5 a4 34.Be3 axb3 35.axb3
Qb5 36.fxe5 fxe5 37.Rc1 Nxb3 38.Rc8 Rf7 39.Qd1 Na5 40.Bd3 Qb7 41.Re8 Qc7 
42.Bd2 Nc4 43.Bc1 Qc5 44.Qc2 Rc7 45.Kf3 Qb5 46.Rd8 b3 47.Qe2 Qb4 48.f6 b2 
49.fxg7 Rf7+ 50.Bf4 Rxg7 51.Bxh6 Rf7+ 52.Kg2 Qb7 0-1